Statistiken für Größte Länder der Welt

Klicken Sie hier um das Quiz zu spielen!

Allgemein

  • Dieses Quiz wurde 132 mal gespielt
  • Das Durchschnittsergebnis liegt bei 9 aus 10

Antwortstatistiken

RankingTippGröße in QuadratkilometernLand% Korrekt
2Nordamerika9.984.670Kanada
100%
1Asien/Europa17.098.242Russland
100%
3Nordamerika9.833.517Vereinigte Staaten
99%
6Australien/Ozeanien7.741.220Australien
98%
5Südamerika8.515.770Brasilien
97%
4Asien9.596.960China
97%
7Asien3.287.263Indien
94%
8Südamerika2.780.400Argentinien
93%
9Asien2.724.900Kasachstan
78%
10Afrika2.381.740Algerien
73%

Verteilung der Resultate

Perzentil nach korrekt beantworteten Fragen

Anzahl Personen mit jedem Resultat

Ihre Resultats-Entwicklung

Sie haben dieses Quiz noch nicht gespielt